Solar thermal power plants : achievements and lessons learned exemplified by the SSPS Project in Almerica/Spain (Record no. 66588)

000 -LEADER
fixed length control field 00604nam a22001937a 4500
003 - CONTROL NUMBER IDENTIFIER
control field NUST - PNEC
005 - DATE AND TIME OF LATEST TRANSACTION
control field 20170116180957.0
008 - FIXED-LENGTH DATA ELEMENTS--GENERAL INFORMATION
fixed length control field 150912b xxu||||| |||| 00| 0 eng d
020 ## - INTERNATIONAL STANDARD BOOK NUMBER
International Standard Book Number 0387174583
020 ## - INTERNATIONAL STANDARD BOOK NUMBER
International Standard Book Number 3540174583
020 ## - INTERNATIONAL STANDARD BOOK NUMBER
International Standard Book Number 0387174583
040 ## - CATALOGING SOURCE
Transcribing agency LIBRARY
082 ## - DEWEY DECIMAL CLASSIFICATION NUMBER
Classification number 621.31244094681 CAS
100 ## - MAIN ENTRY--PERSONAL NAME
9 (RLIN) 9330
Personal name Casal, F. G.
245 ## - TITLE STATEMENT
Title Solar thermal power plants : achievements and lessons learned exemplified by the SSPS Project in Almerica/Spain
Statement of responsibility, etc. F. G. Casal, P. Kesselring, and C. J. Winter
260 ## - PUBLICATION, DISTRIBUTION, ETC.
Date of publication, distribution, etc. c.1987
650 ## - SUBJECT ADDED ENTRY--TOPICAL TERM
9 (RLIN) 9334
Topical term or geographic name entry element Solar power plants
General subdivision EE
942 ## - ADDED ENTRY ELEMENTS (KOHA)
Source of classification or shelving scheme
Koha item type Book
Holdings
Withdrawn status Lost status Source of classification or shelving scheme Damaged status Not for loan Permanent Location Current Location Shelving location Date acquired Total Checkouts Full call number Barcode Date last seen Price effective from Koha item type
          Pakistan Navy Engineering College (PNEC) Pakistan Navy Engineering College (PNEC)       621.31244094681 CAS PNECLIB-016864 09/12/2015   Book
© 2023 Central Library, National University of Sciences and Technology. All Rights Reserved.